| 000 | 00614nam a2200205Ia 4500 | ||
|---|---|---|---|
| 003 | IN-BaIIA | ||
| 008 | 211028s9999 xx 000 0 eng d | ||
| 020 | _a978-1-4614-5178-5 | ||
| 040 | _cIIA Library | ||
| 080 |
_a52 _bCLA |
||
| 100 |
_aClark, Jane _936301 |
||
| 245 | 0 |
_aViewing and imaging the solar system _ba guide for amateur astronomers _cJane Clark |
|
| 260 |
_aNew York _bSpringer _c2015 |
||
| 300 | _axiii, 256p. | ||
| 490 | _aThe Patrick Moore practical astronomy series | ||
| 650 |
_aAstronomy _980 |
||
| 650 | _aSolar system | ||
| 650 |
_aSolar system - Observers' manuals _936302 |
||
| 942 | _cBK | ||
| 999 |
_c19016 _d19016 |
||